Popular Drinks - Statistics

General Stats
  • This quiz has been taken 80 times
  • The average score is 17 of 50
Answer Stats
Hint Answer % Correct
Gives You Wings Redbull
88%
Once Made with pure Cocaine Coke
83%
Has the Famous Cranberry flavor in the Winter Sprite
70%
Recently Changed the logo, Still the same colors Pepsi
68%
Drink With Marshmallows on top Hot Chocolate
65%
Mr Pibb but better Dr. Pepper
63%
Orange Soda Fanta
63%
My _____ Brings all the boys to the yard Milkshake
58%
Invented in Florida for Athletes Gatorade
57%
Heads up, _ __ 7up
55%
Energy drink named after a scary creature Monster
55%
Flavored Cow Juice Chocolate Milk
53%
Freshly Squeezed Orange Juice
52%
"OH YEAH" Kool Aid
48%
Beer that shares its name with a Virus Corona
47%
What Kids sell at the end of their Driveway Lemonade
47%
"The Best Part Of Waking Up" Coffee
40%
Welch's biggest juice Grape Juice
40%
Fresh and Pure straight from Alaska Water
40%
USA's neighbor to the North Canada Dry
38%
Pouches where you poke the straw through Capri Sun
38%
Napa Valley Wine
37%
Asian drink with Bubbles at the bottom Boba Tea
33%
Sprite and Grenadine Shirley Temple
32%
Expensive Smoothies, No Clothes on Naked
28%
Normally found hot around fall, found at farmers markets Apple Cider
27%
Brand of tea found for Only 99 Cents Arizona
27%
Named After the Famous Golfer Arnold Palmer
27%
And another version, another word for smash Crush
27%
A smooth tasting Milk found in the Winter time Eggnog
27%
Famous in the South when its hot outside Sweet Tea
27%
Another version, also using the word sun Sunkist
25%
Vegetables mixed in a can V8
25%
Sweet Version of the one above involving the sun Sunny D
23%
Vodka With a Bat on the bottle Bacardi
22%
McDonalds Hit In Spring Shamrock Shake
22%
Found mostly in Gas stations, with a fruity flavor Slushie
22%
Olives, Pickles, Bacon, Cheese found on top of the glass Bloody Mary
15%
Healthy Brand of Soda Poppi
15%
Mexican Soda Jarritos
13%
Hawaiian drink using rum and pineapple Pina Colada
13%
Same one above but only used with Cane Sugar Mexican Coke
10%
A soda Involving a Peak Mtn Dew
10%
Muddling Sugar with a cherry on top with Whiskey Old Fashioned
10%
A Mexican Classic Horchata
5%
Indian Fruit drink, creamy and smooth Mango Lassi
5%
A form of time and what a Nanny is Considered Minute Maid
5%
A year, and also the creamiest Root Beer 1919
3%
Energy Drink Banned from the NCAA Celcius
3%
Famous Mint Mocktail Nojito
2%
No matching quizzes found
Score Distribution
Percent of People with Each Score
Percentile by Number Answered
Your Score History
You have not taken this quiz